000 01118cab a22002175a 4500
001 L157101
008 120830e20120825xxk 000 0 eng d
035 _a(Sirsi) u157101
041 0 _aeng
100 1 _aWall, Sian
245 0 0 _aDuty of care
260 _c2012
490 _aEstates Gazette
_v(1234) 25 August 2012, 42-44(3)
520 _aConsiders the role of the property professional under the Control of Asbestos Regulations 2012 which came into force on 6 April 2012. These new regulations focus on meeting three obligations the European Commission ruled were missing from the previous rules. These are; the obligation for contractors to notify asbestos works to the responsible national authority, the obligation for contractors to ensure a prior health assessment is carried out on workers undertaking tasks with asbestos and the compulsion for employers to keep a register of the workers who are or may be exposed to asbestos at work.
590 _aKA
651 4 _aUnited Kingdom
690 _aHealth and safety
_96244
690 _aContamination
_96231
700 1 _aGraham, Dominic
942 _n0
999 _c84257
_d84257